Quiz sull'Isola di Man - Statistics

Statistiche generali
  • Questo quiz è stato fatto 14 volte
    12 dall'ultimo reset
  • Il punteggio medio è 7 su 21
Statistiche sulle risposte
Definizione Risposta % Corretto
Lingue Ufficiali Inglese
82%
L'Isola di Man è una dipendenza di questo Stato Regno Unito
82%
Il numero di montagne presenti sull'isola (600+ metri) 1
64%
Il gatto dell'Isola di Man ha una celebre condizione genetica che comporta la mancanza di questa parte del suo corpo Coda
64%
Capitale Douglas
55%
Mannese
55%
Mare in cui è situata Mar d'Irlanda
55%
Altro sport praticato sull'isola Calcio
45%
Valuta Sterlina di Man
36%
Ogni anno sull'isola si svolge questa celebre gara motociclistica, rinomata anche per la sua pericolosità Tourist Trophy
36%
Antico emblema dell'Isola di Man (interessante notare che si trova anche sull'emblema della Sicilia, anche se viene ricordata con un nome leggermente diverso) Triscele
36%
Sport principale Cricket
27%
Animale presente sullo stemma dell'Isola di Man (a destra) Corvo
18%
Animale presente sullo stemma dell'Isola di Man (a sinistra) Falco pellegrino
9%
Insieme alle assicurazioni, l'economia è basata anche su questo particolare settore:______________ online Gioco d'azzardo
9%
È presente anche una colonia di questi marsupiali, fuggiti circa 50 anni fa da uno zoo di fauna esotica Wallaby
9%
Numero di morti in questa gara dal 1907 al 2022 264
0%
Secondo la mitologia, l'isola venne creata da un gigante che scagliò un pezzo di terra che si trovava nell'isola dell'Irlanda; il "buco" che si formo in Irlanda è oggi il Lago Neagh
0%
La suddivisione di primo livello dell'Isola di Man (ce ne sono 6) Sheading
0%
Il nome del parlamento dell'Isola di Man Tynwald
0%
Nel 2011 è stato lanciato _______, il primo satellite dell'Isola di Man ViaSat-1
0%
Nessun quiz corrispondente trovato
Distribuzione punteggi
Percentuale di utenti per punteggio
Percentile per numero di risposta
I tuoi punteggi nel tempo
Non hai fatto questo quiz dall'ultimo reset